Fr. Conceicao Rodrigues College of Engineering

Industrial Automation C-NO :635 (Record no. 29891)

MARC details
000 -LEADER
fixed length control field 00339nam a2200145Ia 4500
082 ## - DEWEY DECIMAL CLASSIFICATION NUMBER
Classification number 658.514
Item number AICTE
100 ## - MAIN ENTRY--PERSONAL NAME
Personal name AICTE
245 ## - TITLE STATEMENT
Title Industrial Automation C-NO :635
260 ## - PUBLICATION, DISTRIBUTION, ETC.
Name of publisher, distributor, etc. Continuing Education Programmer AICTE
Place of publication, distribution, etc. Bangalore
Date of publication, distribution, etc. 1997
300 ## - PHYSICAL DESCRIPTION
Extent 92
546 ## - LANGUAGE NOTE
Language note ENGLISH
654 ## - SUBJECT ADDED ENTRY--FACETED TOPICAL TERMS
Focus term Industrial
942 ## - ADDED ENTRY ELEMENTS (KOHA)
Koha item type BOOK
Holdings
Withdrawn status Lost status Damaged status Not for loan Collection Home library Current library Date acquired Total Checkouts Full call number Barcode Date last seen Price effective from Koha item type
        CRC Fr. Agnel's C.Rodrigues College of Engineering Fr. Agnel's C.Rodrigues College of Engineering 17/03/2023   658.514 AICTE 12047 17/03/2023 17/03/2023 BOOK
        CRC Fr. Agnel's C.Rodrigues College of Engineering Fr. Agnel's C.Rodrigues College of Engineering 17/03/2023   658.514 AICTE 12048 17/03/2023 17/03/2023 BOOK